000 00972nam a2200265Ia 4500
003 OSt
005 20221005112444.0
006 a|||||r|||| 00| 0
007 ta
008 221004b |||||||| |||| 00| 0 pan d
020 _a9789352046850 (hbk)
_cINR 350.00
024 _a35566
037 _b1004, 13/11/2017, H.K. Prakashan
_cTextual
040 _aCRL
_cCRL
_bpan
041 _2pan
_apan
082 _aO153,1x, Q7
100 _aਸੰਧੂ, ਗੁਲਗ਼ਾਰ ਸਿੰਘ, ਥਦ.
_9157928
245 0 _aਸ.ਸ. ਮੀFਾ ਸੰਪੂਰਟ ਕਾਵਿ
260 _aਚੰਡੀਗੜ
_bਲੋਕਗੀਤ ਪ੍ਰਕਾFਨ ਭਾਰਤ
_c2017
300 _a282ਪੰ
_ccm.
650 _a ਪੰਜਾਬੀ ਕਾਵਿ
650 _aਪੰਜਾਬੀ ਸਾਹਿਤ
942 _hO153,1x, Q7
_cTEXL
_2cc
999 _c1024951
_d1024951